| 000 | 00840cam a22002773a 4500 | ||
|---|---|---|---|
| 001 | 24429 | ||
| 003 | PGUSA | ||
| 005 | 20140828083524.0 | ||
| 008 | 080126s2008||||xxu|||||s|||||000 | eng d | ||
| 040 |
_aPGUSA _beng |
||
| 042 | _adc | ||
| 050 | 4 | _aBF | |
| 100 | 1 |
_aFreud, Sigmund, _d1856-1939 |
|
| 245 | 1 | 0 |
_aZur Psychopathologie des Alltagslebens : _bÜber Vergessen, Versprechen, Vergreifen, Aberglaube und Irrtum _h[electronic resource] / _cSigmund Freud |
| 260 |
_bProject Gutenberg, _c2008 |
||
| 506 | _aPublic domain in the USA. | ||
| 516 | _aElectronic text | ||
| 653 | _aPsychoanalysis | ||
| 653 | _aPsychology, Pathological | ||
| 653 | _aParagrammatism | ||
| 653 | _aMemory | ||
| 653 | _aRepression (Psychology) | ||
| 830 | 0 |
_aProject Gutenberg _v24429 |
|
| 856 | 4 | 0 | _uhttp://www.gutenberg.org/ebooks/24429 |
| 942 | _cEB | ||
| 999 |
_c253684 _d253684 |
||